Information and communication technologies in higher education : A global view and regional experience
| Autor Corporativo: | |
|---|---|
| Formato: | Libro |
| Lenguaje: | inglés |
| Publicado: |
Cairo, Egipto :
UNESCO,
1998
|
| Materias: |
MARC
| LEADER | 00000nam a2200000Ia 4500 | ||
|---|---|---|---|
| 008 | 180507b1998 egy||||| |||| 00| | eng d | ||
| 999 | |c 1854 |d 1854 | ||
| 090 | |a 06.03.06 |b 986 | ||
| 110 | 2 | |a UNESCO |9 1248 | |
| 245 | 1 | 0 | |a Information and communication technologies in higher education : A global view and regional experience |
| 260 | |a Cairo, Egipto : |b UNESCO, |c 1998 | ||
| 300 | |a 18 páginas | ||
| 650 | 1 | 4 | |a EDUCACIÓN SUPERIOR |9 8 |
| 650 | 1 | 4 | |a TECNOLOGÍA DE LA INFORMACIÓN |9 484 |
| 650 | 1 | 4 | |a TECNOLOGÍA DE LAS COMUNICACIONES |9 925 |
| 942 | |i 001613 |h 06.03.06 986 |2 z |c 01 | ||
